Normal view
MARC view
- TOMLINSON, MICHAEL
Entry Personal Name
001 - CONTROL NUMBER
- control field: 89526
003 - CONTROL NUMBER IDENTIFIER
- control field: NUST
005 - DATE AND TIME OF LATEST TRANSACTION
- control field: 20220224150954.0
008 - FIXED-LENGTH DATA ELEMENTS
- fixed length control field: 220224|| aca||aabn | a|a d
040 ## - CATALOGING SOURCE
- Original cataloging agency: NUST
- Transcribing agency: NUST
100 ## - HEADING--PERSONAL NAME
- Personal name: TOMLINSON, MICHAEL
670 ## - SOURCE DATA FOUND
- Source citation: Work cat.: (NUST): TOMLINSON, MICHAEL., PILE DESIGN & CONSTRUCTION PRACTICE /, 2015.
